000 00465nam a2200181Ia 4500
008 240925s9999 xx 000 0 und d
020 _a9780070113558
082 _a621.30202 CAT
100 _aCathey, Jimmie J.
245 0 _aBasic Electrical Engineering
250 _a2nd
260 _aNew York:
_bMcGraw-Hill
_c,1997.
300 _a871p.
_b0
_fOriginal
500 _aIncludes Index
600 _aElectrical Engineering
650 _aTechnology
942 _cBK
999 _c12562
_d12562